| 000 | 00571cab a2200181 4500 | ||
|---|---|---|---|
| 001 | WB2619-58 | ||
| 008 | 090401t1990 xxu||||| |||| 00| 0 eng d | ||
| 035 | _a(Sirsi) u57755 | ||
| 041 | _aeng | ||
| 245 | _aNew valuation form | ||
| 260 | _c1990 | ||
| 350 | _a0 | ||
| 490 |
_aOyez Forms Information Service _v11/1990 April 1990 1 page |
||
| 520 | _aOyez have issued a new form `V2 - Proposal to include a new entry in the rating list `, drafted by the Valuation Office of the Inland Revenue . | ||
| 690 | _aRATING AND VALUATION | ||
| 942 | _n0 | ||
| 948 | _c04/03/1997 | ||
| 999 |
_c35252 _d35252 |
||